000 00385nam a22001337a 4500
005 20250901165815.0
008 250328b |||||||| |||| 00| 0 eng d
020 _a97890195733785
050 _aPL 8708.9 .W35 2011
245 _aKitu cha moyoni /
_bna Hadithi nyingine
_cKen Walibora na Said A. Mohamed
260 _aNairobi:
_bOUP,
_c2011VI.
300 _avi, 182p.:
_c21 cm.
942 _2lcc
999 _c9475
_d9475